| 000 | 01951cam a22003375a 4500 | ||
|---|---|---|---|
| 001 | 3071105 | ||
| 003 | EG-ScBUE | ||
| 005 | 20220407095317.0 | ||
| 008 | 970612s1998 enkb f bd 001 0 eng d | ||
| 020 | _a0415167930 | ||
| 020 | _a9780415167932 | ||
| 040 |
_aDLC _beng _erda _cDLC _dEG-ScBUE |
||
| 082 | 0 | 4 |
_222 _a410.285 _bUSI |
| 245 | 0 | 0 |
_aUsing computers in linguistics : _ba practical guide / _cedited by John M. Lawler and Helen Aristar Dry. |
| 264 | 1 |
_aLondon ; _aNew York : _bRoutledge, _c1998. |
|
| 300 |
_axvi, 297 pages : _bmaps ; _c24 cm |
||
| 336 |
_2rdacontent _atext _btxt |
||
| 337 |
_2rdamedia _aunmediated _bn |
||
| 338 |
_2rdacarrier _avolume _bnc |
||
| 500 | _aIncludes glossary. | ||
| 504 | _aIncludes bibliographical references and index. | ||
| 505 | _a1. The nature of linguistic data and the requirements of a computing environment for linguistic research / Gary F. Simons -- 2. The Internet : an introduction / Helen Aristar Dry and Anthony Rodrigues Aristar -- 3. Education / Henry Rogers -- 4. Textual databases / Susan Hockey -- 5. The Unix language family / John M. Lawler -- 6. Software for doing field linguistics / Evan L. Antworth and J. Randolph Valentine -- 7. Language understanding and the emerging alignment of linguistics and natural language processing / James E. Hoard -- 8. Theoretical and computational linguistics : toward a mutual understanding / Samuel Bayer [and others]. | ||
| 520 | _aProvides a non-technical introduction to recent developments in linguistic computing and offers specific guidance to the linguist or language professional who wishes to take advantage of them. | ||
| 650 | 7 |
_aComputational linguistics. _2BUEsh _94459 |
|
| 651 | _2BUEsh | ||
| 653 |
_bHHUUEENN _cOctober2016 |
||
| 655 |
_vReading book _934232 |
||
| 700 | 1 |
_aLawler, John, _d1942- _941337 _eeditor. |
|
| 700 | 1 |
_aDry, Helen Aristar, _d1946- _941338 _eeditor. |
|
| 942 |
_2ddc _e22 _k410.285 USI _cBB |
||
| 999 |
_c22457 _d22429 |
||